[Event "Bushehr Lian op 7th"]
[Site "Bushehr"]
[Date "2015.11.12"]
[Round "3"]
[White "Jahanbakhshi, Arman"]
[Black "Samareh Shahpasand, Farshad"]
[Result "0-1"]
[WhiteElo "1911"]
[BlackElo "2079"]
[PlyCount "99"]
[EventDate "2015.11.11"]
[EventType "swiss"]
[EventRounds "9"]
[EventCountry "IRI"]
[SourceTitle "CBM 169 Extra"]
[Source "ChessBase"]
[SourceDate "2015.12.18"]
[SourceVersion "1"]
[SourceVersionDate "2015.12.18"]
[SourceQuality "1"]

1. d4 d5 2. Bf4 Nf6 3. e3 c6 4. Nf3 Bg4 5. h3 Bxf3 6. gxf3 Qb6 7. Nd2 e6 8. Bd3 c5 9. dxc5 Bxc5 10. 0-0 Nc6 11. Nb3 Be7 12. c3 0-0 13. Kh1 e5 14. Bg5 Qd8 15. Rg1 Qd7 16. Qf1 g6 17. Rd1 Nh5 18. Bh6 Rfd8 19. Qg2 Qe6 20. Be2 Ng7 21. f4 Nf5 22. Bg4 e4 23. h4 Bf8 24. Bxf8 Kxf8 25. Qh3 Qf6 26. Bxf5 gxf5 27. Rg5 Ne7 28. Nd4 h6 29. Rg2 Rab8 30. Rdg1 b5 31. Rg7 b4 32. cxb4 Rxb4 33. b3 Rxd4 34. exd4 Ng6 35. Rh7 Nxf4 36. Qh2 Nh5 37. Qh3 Rc8 38. Kh2 Rc2 39. Rg2 Qd6+ 40. Kh1 Rc1+ 41. Rg1 Rxg1+ 42. Kxg1 Qg6+ 43. Kf1 Qxh7 44. Qh2 f4 45. Qh3 Qg6 46. Qc8+ Kg7 47. Qe8 f3 48. Qe5+ Nf6 49. Ke1 Qg1+ 50. Kd2 0-1